Responses for Show #3403 - Wednesday, May 26, 1999

Contestants

[<< previous game]

Elton Bowen, a Navy physician from Chesapeake, Virginia

Pat Smith, a water treatment operator from Lake Worth, Florida

Eileen Tremblay, a marketing specialist from Boston, Massachusetts

[next game >>]

Jeopardy! Round responses

"B" IN GEOGRAPHY
YOU'RE AN ANIMAL!
WORLD HISTORY
FAIRY TALE FEMMES
ANAGRAMMED STATE CAPITALS
TOM JONES
    $100 21
British Columbia

Eileen
    $100 10
a crocodile

Eileen
    $100 15
Admiral Richard Byrd

Elton
    $100 4
Alice

Elton
    $100 25
Albany

Eileen
    $100 1
a coal miner

Elton
    $200 22
Brasilia

Eileen
    $200 11
elk

Elton
    $200 17
the Tower of London

Pat
    $200 5
Gretel

Pat
    $200 26
Salem

Elton
    $200 2
Wales

Eileen
    $300 23
Belfast

Elton
    $300 12
[A bulldog was shown.]

Great Britain

Pat
    $300 18
Algeria

Elton
    $300 6
Rapunzel

Elton
    $300 28
Providence

Elton
    $300 3
The Simpsons

Eileen
    $400 24
Bonn

Eileen
    $400 13
barn owls

Pat
    $400 19
Catherine the Great

Pat
    $400 7
Rumpelstiltskin

Pat
    $400 29
Topeka

Eileen
    $400 9
Mars Attacks!

Eileen
    $1,000 27
(Elton: [no response])

Barcelona

Elton
    $500 14
[A caveman was shown.]
(Pat: What is Homo sapien?)

Homo sapiens

Pat
Triple Stumper
    $500 20
(Pat: Who is Captain Cook?)

Vasco da Gama

PatElton
    $500 8
Hans Christian Andersen

Elton
    $500 30
(Eileen: What is... oh no...)

Raleigh

EileenPat
    $500 16
"It's Not Unusual"

Elton

Scores at the first commercial break (after clue 15):

Eileen Pat Elton
$1,000 $800 $1,300

Scores at the end of the Jeopardy! Round:

Eileen Pat Elton
$1,700 $1,400 $2,400

Double Jeopardy! Round responses

PARISIANS
FRUIT
SHAKESPEAREAN OPERAS
(Alex; We want you to name the play these operas are based on.)
WORD & PHRASE ORIGINS
FILM FACTS
TOM JONES
(Alex: A reference to the novel, not the singer.)
    $200 16
(Alex: Of course!)

the Left Bank

Pat
    $200 10
cherries

Pat
    $200 20
Hamlet

Pat
    $200 1
the can-can

Pat
    $200 5
Alan Alda

Pat
    $200 26
London

Pat
    $400 17
Voltaire

Pat
    $400 11
pears

Elton
    $400 21
The Merchant of Venice

Pat
    $400 2
the seventh-inning stretch

Pat
    $400 6
Paul McCartney

Pat
    $400 27
Henry Fielding

Elton
    $600 18
Edith Piaf

Pat
    $600 12
(Pat: What are tangelos?)

nectarines

EileenPat
    $600 22
King Lear

Pat
    $600 3
(Pat: Who is Vargas?)

Charles Dana Gibson

Pat
Triple Stumper
    $600 7
Ben-Hur

Elton
    $600 28
his mother

Pat
    $800 19
Theo Van Gogh

Eileen
    $800 13
bananas

Pat
    $800 23
The Tempest

Pat
    $800 4
a charlatan

Eileen
    $800 8
Son of Paleface

Triple Stumper
    $800 29
squire

Pat
    $1000 25
(Pat: Who was St. Augustus?)

St. Thomas Aquinas

Pat
Triple Stumper
    $1,000 14
a tangelo

Pat
    $1000 24
(Eileen: What is Something for Nothing?)

Much Ado About Nothing

EileenPat
    $1000 15
macrobiotic

Triple Stumper
    $1000 9
(Eileen: Who was Julie Christie?)

Geraldine Chaplin

Eileen
Triple Stumper
    $1000 30
(Alex: The other two, by the way, were Oedipus Tyrannus and The Alchemist by Ben Jonson.)

Samuel Taylor Coleridge

Triple Stumper

Scores at the end of the Double Jeopardy! Round:

Eileen Pat Elton
$1,900 $8,200 $3,800
(lock game)

[wagering suggestions for these scores]

Final Jeopardy! Round responses

1950s ACHIEVEMENTS
EileenWhat is the speed of sound?
$0
EltonWhat is the speed of sound?
$0
PatWhat is the sound barrier?
$599
traveling twice the speed of sound

Final scores:

Eileen Pat Elton
$1,900 $7,601 $3,800
3rd place: a Monorail desktop PC New champion: $7,601 2nd place: a trip to Radisson SAS Royal Viking Hotel, Stockholm, Sweden

Game dynamics:

Coryat scores:

Eileen Pat Elton
$1,900 $8,200 $4,800
12 R,
3 W
25 R
(including 2 DDs),
5 W
15 R,
1 W
(including 1 DD)

Combined Coryat: $14,900

[game clues] [game scores] [suggest correction]

Game tape date: Unknown
The J! Archive is created by fans, for fans. Scraping, republication, monetization, and malicious use prohibited; this site may use cookies and collect identifying information. See terms. The Jeopardy! game show and all elements thereof, including but not limited to copyright and trademark thereto, are the property of Jeopardy Productions, Inc. and are protected under law. This website is not affiliated with, sponsored by, or operated by Jeopardy Productions, Inc. Join the discussion at JBoard.tv.